00434nam a2200157Ia 45000010006000000050017000060080041000230410008000640820015000721000038000872450098001252600009002233000028002326500008002606540008002681902020260306171713.0260306s9999||||xx |||||||||||||| ||und|| aESP a658.8bA48 aAlvarado de Marsano, LilianaeAUT 0aBrainketing:bEl marketing es sencillo; conquistar el cerebro de las personas es lo difícil c2013 a268 páginas :c24 cm. aGEN aCAN